| 000 | 00367nam a2200133Ia 4500 | ||
|---|---|---|---|
| 008 | 240624s9999 xx 000 0 und d | ||
| 041 | _aeng | ||
| 082 | _a658.4 GOT | ||
| 100 | _aGOTTFREDSON MARK | ||
| 245 | _aBREAKTHROUGH IMERATIVE HOW THE BEST MANA | ||
| 260 |
_c2008 _aNew York _bHarper Collins Publishers |
||
| 300 | _aix, : 367 : p. : cm. ; 23 | ||
| 365 |
_cRS _b27 |
||
| 999 |
_c15483 _d15483 |
||